Imtroduction to Quantum Mechanica with Applications to Chemist. (Record no. 8348)

MARC details
000 -LEADER
fixed length control field 00544nam a22001937a 4500
003 - CONTROL NUMBER IDENTIFIER
control field OSt
005 - DATE AND TIME OF LATEST TRANSACTION
control field 20240601114115.0
008 - FIXED-LENGTH DATA ELEMENTS--GENERAL INFORMATION
fixed length control field 240601b |||||||| |||| 00| 0 eng d
020 ## - INTERNATIONAL STANDARD BOOK NUMBER
International Standard Book Number 139780486648712
040 ## - CATALOGING SOURCE
Transcribing agency DDC
082 ## - DEWEY DECIMAL CLASSIFICATION NUMBER
Classification number 530.12 PAU.
100 ## - MAIN ENTRY--PERSONAL NAME
Relator code Jr,E.Bright Wilson,Paul Linus.
245 ## - TITLE STATEMENT
Title Imtroduction to Quantum Mechanica with Applications to Chemist.
260 ## - PUBLICATION, DISTRIBUTION, ETC. (IMPRINT)
Place of publication, distribution, etc. Ney York,
Name of publisher, distributor, etc. Dover Publications,
Date of publication, distribution, etc. 1963.
300 ## - PHYSICAL DESCRIPTION
Extent Xi,468p,
Other physical details ill,
Dimensions 21.cm.
504 ## - BIBLIOGRAPHY, ETC. NOTE
Bibliography, etc Appendixes,Index.
650 ## - SUBJECT ADDED ENTRY--TOPICAL TERM
Topical term or geographic name as entry element Physics.
9 (RLIN) 809
942 ## - ADDED ENTRY ELEMENTS (KOHA)
Source of classification or shelving scheme Dewey Decimal Classification
Koha item type Open Shelf
Holdings
Withdrawn status Lost status Source of classification or shelving scheme Damaged status Not for loan Home library Current library Date acquired Source of acquisition Inventory number Total Checkouts Full call number Barcode Date last seen Price effective from Koha item type
    Dewey Decimal Classification     MUST Main Library MUST Main Library 01/06/2024 Purchase 08/30653   530.12 PAU. 2024-20207 01/06/2024 01/06/2024 Open Shelf